नेताजी सम्पूर्ण वाड्.मय/ (Record no. 61893)

MARC details
000 -LEADER
fixed length control field 00659nam a22001817a 4500
005 - DATE AND TIME OF LATEST TRANSACTION
control field 20120203123037.0
020 ## - INTERNATIONAL STANDARD BOOK NUMBER
Terms of availability 105.00
International Standard Book Number
035 ## - SYSTEM CONTROL NUMBER
System control number A-890569
037 ## - SOURCE OF ACQUISITION
Source of stock number/acquisition
Stock number dpl
082 ## - DEWEY DECIMAL CLASSIFICATION NUMBER
Classification number 081
100 ## - MAIN ENTRY--PERSONAL NAME
Personal name
245 1# - TITLE STATEMENT
Title नेताजी सम्पूर्ण वाड्.मय/
Statement of responsibility, etc
260 ## - PUBLICATION, DISTRIBUTION, ETC. (IMPRINT)
Place of publication, distribution, etc नई दिल्ली
Name of publisher, distributor, etc प्रकाशन विभाग
Date of publication, distribution, etc 1997
270 ## - ADDRESS
Address
City
Postal code
Telephone number
300 ## - PHYSICAL DESCRIPTION
Extent 241पृ.
Dimensions 22सेमी (सजिल्द)
942 ## - ADDED ENTRY ELEMENTS (KOHA)
Institution code [OBSOLETE] dpl
Item type Hindi Books
Call number prefix
Source of classification or shelving scheme Dewey Decimal Classification
Classification part 081
Call number suffix बोससु
Holdings
Withdrawn status Lost status Not for loan Collection code Home library Current library Date acquired Cost, normal purchase price Full call number Barcode Cost, replacement price Koha item type
      Non-fiction Sarojini Nagar Sarojini Nagar 03/02/2012 105.00 081 बोससु A-890569 105.00 Hindi Books

© Delhi Public Library
Hit Counter
free hit counter